Statistics for Which Country Did I Lead ? - Europe

Click here to take the quiz!

General Stats

  • This quiz has been taken 29 times
  • The average score is 9 of 10

Answer Stats

LeaderCountry% Correct
Willy BrandtGermany
100%
Silvio BerlusconiItaly
100%
Boris YeltsinRussia
100%
Pedro SánchezSpain
100%
Margaret ThatcherUnited Kingdom
100%
Michael D. HigginsIreland
85%
Carl XVI GustafSweden
85%
Mark RutteNetherlands
78%
PhilippeBelgium
74%
Joseph RatzingerVatican City
48%

Score Distribution

Percentile by Number Answered

Percent of People with Each Score

Your Score History

You have not taken this quiz